| Tag |
First Indicator |
Second Indicator |
Subfields |
| LEADER |
00000cam a22000001a 4500 |
| 001 |
in00003212521 |
| 006 |
m d f |
| 007 |
cr bn mmmapmmp |
| 008 |
091020s1989 dcua ob f000 0 eng d |
| 005 |
20260604205345.1 |
| 035 |
|
|
|a cis2007454595
|
| 040 |
|
|
|a UMI
|c UMI
|d UtOrBLW
|
| 043 |
|
|
|a n-us---
|
| 074 |
|
|
|a 1012-A, 1012-B (microfiche)
|
| 086 |
0 |
|
|a Y 4.Ar 5/2 a:987-88/92
|
| 088 |
|
|
|a H.A.S.C. no. 100-92
|
| 099 |
|
|
|a HRG-1988-ASH-0026
|
| 110 |
1 |
|
|a United States.
|b Congress.
|b House.
|b Committee on Armed Services.
|b Readiness Subcommittee.
|
| 245 |
1 |
0 |
|a Issues relating to the plastic injection molding industry :
|b hearing before the Readiness Subcommittee of the Committee on Armed Services, House of Representatives, One Hundredth Congress, second session, September 28, 1988.
|
| 264 |
|
1 |
|a Washington :
|b U.S. G.P.O.,
|c 1989.
|
| 300 |
|
|
|a 1 online resource.
|
| 336 |
|
|
|a text
|b txt
|2 rdacontent
|
| 337 |
|
|
|a computer
|b c
|2 rdamedia
|
| 338 |
|
|
|a online resource
|b cr
|2 rdacarrier
|
| 500 |
|
|
|a Record is based on bibliographic data in ProQuest Congressional Hearings Digital Collection. Reuse except for individual research requires license from ProQuest, LLC.
|
| 504 |
|
|
|a Includes bibliographical references.
|
| 538 |
|
|
|a System requirements: PDF reader software.
|
| 500 |
|
|
|a Electronic resource.
|
| 650 |
|
0 |
|a Injection molding of plastics.
|
| 650 |
|
0 |
|a Plastics industry and trade
|z United States.
|
| 650 |
|
0 |
|a Industrial priorities
|z United States.
|
| 651 |
|
0 |
|a United States
|x Armed Forces
|x Procurement.
|
| 655 |
|
7 |
|a Electronic books.
|2 local
|
| 710 |
2 |
|
|a ProQuest (Firm)
|
| 776 |
0 |
8 |
|i Print version:
|a United States. Congress. House. Committee on Armed Services. Readiness Subcommittee.
|t Issues relating to the plastic injection molding industry
|w (OCoLC)19296533
|w gp 89009497
|
| 776 |
0 |
8 |
|i Microfiche version:
|a United States. Congress. House. Committee on Armed Services. Readiness Subcommittee.
|t Issues relating to the plastic injection molding industry.
|d [Bethesda, Md.] : ProQuest,[2004]
|o CIS 89 H201-28
|w (ProQuest)cis08900218
|
| 830 |
|
0 |
|a U.S. Congressional Hearings.
|
| 856 |
4 |
0 |
|u http://proxy.library.tamu.edu/login?url=https://congressional.proquest.com/congcomp/getdoc?HEARING-ID=HRG-1988-ASH-0026
|z Connect to the full text of this electronic book
|t 0
|
| 998 |
|
|
|a cis08900218
|
| 999 |
|
|
|a MARS
|
| 999 |
f |
f |
|s 02404b30-da46-363f-93c2-44d0a0b63788
|i e6861532-516b-34a5-85ea-2c6ff19baac3
|t 0
|
| 952 |
f |
f |
|a Texas A&M University
|b College Station
|c Electronic Resources
|s www_evans
|d Available Online
|t 0
|e HRG-1988-ASH-0026
|h Other scheme
|
| 998 |
f |
f |
|a HRG-1988-ASH-0026
|t 0
|l Available Online
|